000 00705nam a2200229 i 4500
001 129507
003 ES-MaACL
005 20251003163322.0
007 t|
008 070625s1979 sp ||||1| spa d
080 _a611(075.8)
100 1 _aTestut, Léo (
_d1849-1925)
_9133195
245 1 0 _aTratado de anatomía humana /
_cL. Testut y A. Latarjet.
250 _a9ª ed.
_brev., corr. y aum.
260 _aBarcelona, etc. :
_bSalvat,
_c1979.
300 _aXII, 1142 p. :
_bil. ;
_c26 cm.
500 _aTomo tercero.
650 7 _aAnatomía humana
_2embne
_99801
700 1 _aLatarjet, André,
_d1877-1947
_970513
852 _aES-MaACL
_jA-10717
_bR.100115
999 _c129507
_d129507